Strašidelná knihovna. Duchové v kině /
Další příběh holčičky Klárky, která spolu s duchem Kazem řeší různé detektivní záhady.
Uloženo v:
| Série: | Strašidelná knihovna,
část 9 |
|---|---|
| Hlavní autor: | |
| Další autoři: | , |
| Médium: | E-kniha |
| Jazyk: | Czech |
| Vydáno: |
Praha :
Fragment,
2022
|
| Vydání: | 1. vydání |
| Témata: | |
| Příbuzné jednotky: | Z cyklu::
Strašidelná knihovna |
| Tagy: |
Žádné tagy |
| LEADER | 02892cam a2200529 i 4500 | ||
|---|---|---|---|
| 001 | 311723 | ||
| 003 | CZ PrSKC | ||
| 005 | 20260601215710.0 | ||
| 007 | ta | ||
| 008 | 221129s2022 xr a b 000 j cze d | ||
| 015 | |a cnb003467523 | ||
| 020 | |a 9788025361115 |q (vázáno) : |c Kč 199,00 | ||
| 035 | |a (OCoLC)1005718964 | ||
| 035 | |a (OCoLC)1357140742 | ||
| 040 | |a KLG001 |b cze |d UOG001 |d BOA001 |e rda | ||
| 041 | 1 | |a cze |h eng | |
| 072 | 7 | |a 821.111(73)-3 |x Americká próza |2 Konspekt | |
| 072 | 7 | |a 821-93 |x Literatura pro děti a mládež (beletrie) |2 Konspekt | |
| 080 | |a 821.111(73)-32 |2 MRF | ||
| 080 | |a 821-93 |2 MRF | ||
| 080 | |a (0:82-32) |2 MRF | ||
| 100 | 1 | |a Butler, Dori Hillestad, |d 1965- |7 ola2017939581 |4 aut | |
| 240 | 1 | 0 | |a Ghosts at the movie theater. |l Česky |
| 245 | 1 | 0 | |a Strašidelná knihovna. |p Duchové v kině / |c napsala Dori Hillestad Butlerová ; ilustrovala Aurora Damantová ; z anglického originálu The haunted library - The ghosts at the movie theater přeložil Václav Soukup |
| 246 | 3 | 0 | |a Duchové v kině |
| 250 | |a 1. vydání | ||
| 264 | 1 | |a Praha : |b Fragment, |c 2022 | |
| 300 | |a 127 stran : |b ilustrace ; |c 20 cm | ||
| 336 | |a text |b txt |2 rdacontent | ||
| 337 | |a bez média |b n |2 rdamedia | ||
| 338 | |a svazek |b nc |2 rdacarrier | ||
| 520 | 2 | |a Další příběh holčičky Klárky, která spolu s duchem Kazem řeší různé detektivní záhady. |b Kaz není obyčejný kluk, je to duch. Klárka zas není obyčejná holka - na rozdíl od ostatních lidí totiž dokáže vidět duchy. Jejich detektivní kancelář je proto jako stvořená pro řešení zapeklitých záhad! Hledání Kazova dávno ztraceného strýčka je tentokrát zavede do pekárny, a dokonce i do kina. Během pátrání potkají dalšího dušího detektiva, který se ale s duchy příliš nepáře. Podaří se Klárce a Kazovi rozplést komplikovanou záhadu i tentokrát? Nakladatelská anotace. | |
| 521 | 8 | |a Pro čtenáře od 7 let | |
| 655 | 7 | |a americké příběhy |7 fd131795 |2 czenas | |
| 655 | 7 | |a publikace pro děti |7 fd133156 |2 czenas | |
| 655 | 9 | |a American stories |2 eczenas | |
| 655 | 9 | |a children's literature |2 eczenas | |
| 700 | 1 | |a Damant, Aurore, |d 1981- |7 ola2017939588 |4 ill | |
| 700 | 1 | |a Soukup, Václav |7 ola2018992136 |4 trl | |
| 765 | 1 | |t Haunted library | |
| 787 | 0 | 8 | |i Z cyklu: |t Strašidelná knihovna |g 9 |
| 900 | |a ABA001 |b 21 | ||
| 928 | 9 | |a Albatros Media - Fragment | |
| 044 | |a xr | ||
| 910 | |a RBIT002 | ||
| 998 | |d 362674 |a https://core.palmknihy.cz/api/books/362674/cover?si82jd |b https://core.palmknihy.cz/api/books/362674/cover/400?si82jd |c https://core.palmknihy.cz/api/books/362674/cover/50?si82jd |e 2027-04-22 |g 128 |i 9788025361115 |j https://core.palmknihy.cz/api/books/362674/preview.epub |k https://core.palmknihy.cz/api/books/362674/preview.pdf |l |q 49 |r 1 |s https://www.palmknihy.cz/kniha/362674 |t ebook |y 2022 |z 0 |v Strašidelná knihovna |w 9 | ||
| 999 | |d 311721 | ||